TOP 10 NAJBEZPIECZNIEJSZYCH KRAI ŚWIATA🛡️🌍 - Statystyki

Ogólne statystyki
  • Ten quiz został rozwiązany 28 razy
  • Średni wynik to 6 z 10
Statystyki odpowiedzi
Skala Odpowiedż % Poprawnych
1.112 GPI Islandia
88%
1.382 GPI Dania
81%
1.350 GPI Szwajcaria
77%
1.372 GPI Portugalia
62%
1.313 GPI Austria
58%
1.303 GPI Irlandia
58%
1.323 GPI Nowa Zelandia
58%
1.329 GPI Singapur
50%
1.395 GPI Słowenia
35%
1.427 GPI Malezja
23%
Nie znaleziono quizów pasujących do podanych kryteriów
Rozkład punktacji
Procent ludzi z każdym wynikiem
Percentyl według liczby udzielonych odpowiedzi
Twoja historia wyników
Nie rozwiązałeś tego quizu